000 00440nam a22001817a 4500
003 CEME
005 20210628202552.0
008 210119b xxu||||| |||| 00| 0 eng d
020 _a0-471-77026-4
040 _cceme
082 _a540.76 THD
100 _aThorpe, Gary S
_960530
245 _a5 chemistry practice exam
260 _aUK
_bWILEY
_c2006
300 _a280P
650 _a5 CHEMISTRY PRACTICE EXAM
_960531
942 _cBK
_2ddc
999 _c570236
_d570236